[Event "SF Lieme 1 - SC Rochade Emsdetten 1"]
[Site "NRW-Klasse. Gruppe 1 2017/201"]
[Date "2018.03.11"]
[Round "7.1"]
[White "Kabatianski, Alexander"]
[Black "Niermann, Tristan"]
[Result "0-1"]
[WhiteElo "2307"]
[BlackElo "2178"]
[PlyCount "74"]
[EventDate "2018.??.??"]
[WhiteTeam "SC Rochade Emsdetten 1"]
[BlackTeam "SF Lieme 1"]

1. c4 c6 2. Nf3 d5 3. e3 Nf6 4. Nc3 Bf5 5. cxd5 cxd5 6. Qb3 Nc6 7. Qxb7 Bd7 8.
Nb5 Rc8 9. Nxa7 Na5 10. Qa6 Ra8 11. Ne5 e6 12. Nxd7 Nxd7 13. Bb5 Bb4 14. a3 Nb3
15. axb4 Nxa1 16. Qb7 O-O 17. Bxd7 Nc2+ 18. Kd1 Rb8 19. Qc6 Nxb4 20. Qa4 Nd3
21. Ke2 Nc5 22. Qa3 Qxd7 23. Qxc5 Rb7 24. Nc6 Rc7 25. Ne5 Qc8 26. Qd6 Rxc1 27.
Rxc1 Qxc1 28. b4 Rc8 29. d4 Qc2+ 30. Kf3 h5 31. h3 h4 32. Nd7 Qe4+ 33. Ke2 Qxg2
34. Nc5 Ra8 35. Na6 Qxh3 36. b5 Qg4+ 37. Kd2 h3 0-1

[Event "SF Lieme 1 - SC Rochade Emsdetten 1"]
[Site "NRW-Klasse. Gruppe 1 2017/201"]
[Date "2018.03.11"]
[Round "7.2"]
[White "Wittke, Rene"]
[Black "Hiller, Simon"]
[Result "1-0"]
[WhiteElo "2215"]
[BlackElo "2113"]
[PlyCount "59"]
[EventDate "2018.??.??"]
[WhiteTeam "SF Lieme 1"]
[BlackTeam "SC Rochade Emsdetten 1"]

1. e4 c6 2. d4 d5 3. e5 Bf5 4. h4 h5 5. Bd3 Bxd3 6. Qxd3 Qb6 7. e6 fxe6 8. Nf3
Nf6 9. Nc3 Na6 10. Qg6+ Kd8 11. O-O c5 12. dxc5 Nxc5 13. Be3 Qc7 14. Rad1 b6
15. Rfe1 Kc8 16. g3 Kb7 17. Bf4 Qd7 18. b4 Na6 19. Ne5 Qc8 20. b5 Nc5 21. Nf7
Rg8 22. Nxd5 exd5 23. Rxd5 Ne6 24. Rxe6 Nxd5 25. Qe4 Qd7 26. Nd6+ exd6 27.
Qxd5+ Kb8 28. Rxd6 Bxd6 29. Bxd6+ Kc8 30. Qxa8# 1-0

[Event "SF Lieme 1 - SC Rochade Emsdetten 1"]
[Site "NRW-Klasse. Gruppe 1 2017/201"]
[Date "2018.03.11"]
[Round "7.3"]
[White "Lehmann, Holger"]
[Black "Essing, Arnold"]
[Result "0-1"]
[WhiteElo "2168"]
[BlackElo "2190"]
[Annotator "Daniel"]
[PlyCount "108"]
[EventDate "2018.??.??"]
[WhiteTeam "SC Rochade Emsdetten 1"]
[BlackTeam "SF Lieme 1"]

1. c4 c6 2. e4 d5 3. exd5 cxd5 4. d4 Nf6 5. Nc3 e6 6. Nf3 Be7 7. c5 O-O 8. Bd3
b6 9. b4 a5 10. Na4 bxc5 11. bxc5 Ne4 12. Qc2 Ba6 $11 13. O-O Nc6 14. a3 f5 15.
Rb1 Bf6 16. Bxa6 Rxa6 17. Qd3 Ra7 18. Rd1 g5 19. Rb6 Qc7 20. Qb5 Rc8 21. Bb2
Kf7 22. Ba1 g4 23. Nd2 Ne7 24. Nxe4 fxe4 25. Rb1 Qf4 26. Qe2 Nf5 27. Rd1 h5 28.
c6 Rac7 29. Rb7 Kg6 30. Nb6 Rxb7 31. cxb7 Rb8 32. Qa6 Qc7 33. Na4 Qc2 34. Nc3
e3 35. fxe3 Nxe3 36. Qd3+ Qxd3 37. Rxd3 Nc2 38. Bb2 Rxb7 39. Na4 Rc7 40. Kf1
Kf5 41. Nc5 Bxd4 42. Nxe6 Kxe6 43. Bxd4 Nxd4 44. Rxd4 Rc4 45. Rd3 h4 46. Rb3
Ke5 47. h3 g3 48. Ke2 Rf4 49. Rb5 Rf2+ 50. Ke3 Rxg2 51. Rxa5 Ra2 52. Ra8 d4+
53. Kd3 g2 54. Re8+ Kf4 0-1

[Event "SF Lieme 1 - SC Rochade Emsdetten 1"]
[Site "NRW-Klasse. Gruppe 1 2017/201"]
[Date "2018.03.11"]
[Round "7.4"]
[White "Wolf, Andre"]
[Black "Paalman, Henk-Jan"]
[Result "1/2-1/2"]
[WhiteElo "2160"]
[BlackElo "2123"]
[PlyCount "47"]
[EventDate "2018.??.??"]
[WhiteTeam "SF Lieme 1"]
[BlackTeam "SC Rochade Emsdetten 1"]

1. e4 e6 2. d4 d5 3. Nd2 Nf6 4. e5 Nfd7 5. Bd3 c5 6. c3 Nc6 7. Ngf3 g6 8. O-O
Bg7 9. Re1 Qb6 10. dxc5 Qc7 11. c4 Ncxe5 12. Nxe5 Nxe5 13. Nf3 Nxf3+ 14. Qxf3
dxc4 15. Bf4 Qxc5 16. Rac1 O-O 17. Bxc4 Qd4 18. Qg3 e5 19. Bxe5 Bxe5 20. Qxe5
Qxe5 21. Rxe5 Bd7 22. Re7 Bc6 23. Rd1 Kg7 24. f3 1/2-1/2

[Event "SF Lieme 1 - SC Rochade Emsdetten 1"]
[Site "NRW-Klasse. Gruppe 1 2017/201"]
[Date "2018.03.11"]
[Round "7.5"]
[White "Mueller, Achim"]
[Black "Himpenmacher, Andy"]
[Result "0-1"]
[WhiteElo "2002"]
[BlackElo "2163"]
[PlyCount "86"]
[EventDate "2018.??.??"]
[WhiteTeam "SC Rochade Emsdetten 1"]
[BlackTeam "SF Lieme 1"]

1. Nf3 e6 2. d4 Nf6 3. g3 d5 4. Bg2 b5 5. O-O Be7 6. b3 O-O 7. c4 bxc4 8. bxc4
c6 9. Nbd2 Nbd7 10. Re1 Ba6 11. Qa4 Qc8 12. Ne5 Nxe5 13. dxe5 Nd7 14. cxd5 cxd5
15. Ba3 Bxa3 16. Qxa3 Nxe5 17. Rec1 Nc4 18. Nxc4 Bxc4 19. e4 Qd7 20. Rd1 Rac8
21. exd5 Bxd5 22. Bxd5 exd5 23. Rd4 Rc4 24. Rad1 Rxd4 25. Rxd4 Rb8 26. Qd3 Rb5
27. a4 Rc5 28. Qb3 h6 29. Qb8+ Kh7 30. Qb1+ g6 31. Qd3 Qc6 32. h4 h5 33. Rf4
Kg8 34. Rd4 Qe6 35. Kg2 Qc6 36. Qf3 Kg7 37. Qf4 Qe6 38. Qb8 Qb6 39. Qe5+ Qf6
40. Qe3 Qe6 41. Qf3 Rc1 42. Qxd5 Qe1 43. Kf3 Rc2 0-1

[Event "SF Lieme 1 - SC Rochade Emsdetten 1"]
[Site "NRW-Klasse. Gruppe 1 2017/201"]
[Date "2018.03.11"]
[Round "7.6"]
[White "Schaffarczyk, Andre"]
[Black "Lemli, Thomas"]
[Result "1-0"]
[WhiteElo "2090"]
[BlackElo "1976"]
[Annotator "Daniel"]
[PlyCount "103"]
[EventDate "2018.??.??"]
[WhiteTeam "SF Lieme 1"]
[BlackTeam "SC Rochade Emsdetten 1"]

1. e4 c6 2. d4 d5 3. Nc3 dxe4 4. Nxe4 Nd7 5. Ng5 Ngf6 6. Bd3 e6 7. N1f3 Bd6 8.
Qe2 h6 9. Ne4 Nxe4 10. Qxe4 Qc7 11. O-O b6 12. b3 Bb7 13. Bb2 Nf6 14. Qe2 Nd5
15. g3 O-O-O 16. c4 Nf6 17. c5 bxc5 18. dxc5 Bxc5 19. Rac1 Bd6 20. Ne5 Kb8 21.
Bb5 c5 22. b4 Ne4 23. Nd3 Qb6 24. Nxc5 Nxc5 25. bxc5 Bxc5 26. Bxg7 Rhg8 27. Rb1
Ka8 28. Ba4 Qc7 29. Be5 Bd6 30. Rfc1 Qe7 31. Bc6 Rb8 32. Bxb7+ Rxb7 33. Bxd6
Qxd6 34. Qf3 Qd5 35. Qxd5 exd5 36. Kg2 Re8 37. Kf3 Kb8 38. Rxb7+ Kxb7 39. Rc5
Re5 40. h4 Kb6 41. Rc8 d4 42. g4 a5 43. Rc4 Rd5 $11 44. Ke4 Rb5 45. a4 Rb2 46.
f3 h5 47. Rxd4 hxg4 48. fxg4 Rf2 49. Kd5 Rf3 50. g5 Rf5+ 51. Kd6 Rf3 52. Rg4
1-0

[Event "SF Lieme 1 - SC Rochade Emsdetten 1"]
[Site "NRW-Klasse. Gruppe 1 2017/201"]
[Date "2018.03.11"]
[Round "7.8"]
[White "Hoffmann, Andreas"]
[Black "Wissing, Philipp"]
[Result "1/2-1/2"]
[WhiteElo "1897"]
[BlackElo "1781"]
[PlyCount "45"]
[EventDate "2018.??.??"]
[WhiteTeam "SF Lieme 1"]
[BlackTeam "SC Rochade Emsdetten 1"]

1. d4 Nf6 2. Nf3 c5 3. e3 e6 4. Bd3 b6 5. Nbd2 Bb7 6. O-O d6 7. b3 Nbd7 8. Bb2
Qc7 9. c4 Be7 10. Qe2 O-O 11. e4 cxd4 12. Nxd4 Nc5 13. Bc2 Rad8 14. Rac1 a6 15.
f4 g6 16. e5 Ne8 17. N4f3 Nd7 18. Ne4 dxe5 19. fxe5 Ng7 20. Nf6+ Nxf6 21. exf6
Bc5+ 22. Kh1 Nf5 23. Be4 1/2-1/2

[Event "SK Königsspringer Iserlohn 1 - SG Niede"]
[Site "NRW-Klasse. Gruppe 1 2017/201"]
[Date "2018.03.11"]
[Round "7.1"]
[White "Grimm, Sascha"]
[Black "Scheider, Julian"]
[Result "1/2-1/2"]
[WhiteElo "2351"]
[BlackElo "2306"]
[PlyCount "48"]
[EventDate "2018.??.??"]
[WhiteTeam "SG Niederkassel 1"]
[BlackTeam "SK Königsspringer Iserlohn 1"]

1. Nf3 Nf6 2. g3 g6 3. Bg2 Bg7 4. c4 c6 5. Nc3 d5 6. cxd5 cxd5 7. d4 O-O 8. Ne5
e6 9. O-O Nbd7 10. f4 Ne8 11. Be3 Nd6 12. Bf2 f6 13. Nxd7 Bxd7 14. Qb3 Bc6 15.
Rfd1 f5 16. e3 Rf7 17. a4 Rc8 18. Bf1 a6 19. Ne2 Rfc7 20. Nc1 Nc4 21. Nd3 Bf8
22. Qa2 Be8 23. b3 Nd6 24. Rac1 Ne4 1/2-1/2

[Event "SK Königsspringer Iserlohn 1 - SG Niede"]
[Site "NRW-Klasse. Gruppe 1 2017/201"]
[Date "2018.03.11"]
[Round "7.2"]
[White "Eckardt, Joshua"]
[Black "Wigger, Jochen"]
[Result "1-0"]
[WhiteElo "2225"]
[BlackElo "2246"]
[Annotator "Daniel"]
[PlyCount "119"]
[EventDate "2018.??.??"]
[WhiteTeam "SK Königsspringer Iserlohn 1"]
[BlackTeam "SG Niederkassel 1"]

1. d4 d5 2. c4 Nc6 3. Nf3 Bg4 4. Bf4 e6 5. Nc3 Bxf3 6. gxf3 Bd6 7. Bg3 Nge7 8.
e3 dxc4 9. Bxc4 O-O 10. Qe2 e5 11. dxe5 Bxe5 12. O-O Bxc3 13. bxc3 Nf5 14. Rab1
Nxg3 15. hxg3 Na5 16. Bd3 Qf6 17. Qc2 h6 18. Kg2 b6 19. Bh7+ Kh8 20. Be4 Rad8
21. Rh1 Nc4 22. Rbd1 Rxd1 23. Rxd1 Nd6 $11 24. Bd5 Rd8 25. f4 Qe7 26. Bf3 a5
27. c4 Kg8 28. c5 Nc8 29. Rxd8+ Qxd8 30. e4 Qe7 31. cxb6 Nxb6 32. Qc3 a4 33. e5
c5 34. Qe3 Qc7 35. e6 Qe7 36. exf7+ Kxf7 37. Qd3 Kg8 38. Qg6 Nd7 39. Qc6 Nf6
40. Qxa4 Qc7 41. Qc4+ Kf8 42. a4 Qb6 43. Bd1 Ke7 44. Bb3 Kd6 45. Qe6+ Kc7 46.
Qe7+ Kb8 47. Qf8+ Ka7 48. Qxg7+ Ka6 49. Bc4+ Ka5 50. Bb5 Qd6 51. Qb7 h5 52. Bc6
Qd3 53. Qe7 Qd4 54. Qb7 Qc4 55. Qa7+ Kb4 56. Qb6+ Kc3 57. Qb1 Kd2 58. Qb2+ Ke1
59. Qa1+ Kd2 60. Qxf6 1-0

[Event "SK Königsspringer Iserlohn 1 - SG Niede"]
[Site "NRW-Klasse. Gruppe 1 2017/201"]
[Date "2018.03.11"]
[Round "7.3"]
[White "Schienmann, Bruno"]
[Black "Schmitz, Philipp"]
[Result "0-1"]
[WhiteElo "2263"]
[BlackElo "2162"]
[PlyCount "72"]
[EventDate "2018.??.??"]
[WhiteTeam "SG Niederkassel 1"]
[BlackTeam "SK Königsspringer Iserlohn 1"]

1. d4 Nf6 2. c4 g6 3. Nc3 d5 4. cxd5 Nxd5 5. e4 Nxc3 6. bxc3 Bg7 7. Bg5 c5 8.
Rc1 cxd4 9. cxd4 O-O 10. Nf3 Bg4 11. d5 h6 12. Be3 e6 13. Bc4 exd5 14. Bxd5 Nc6
15. Qb3 Bxf3 16. gxf3 Nd4 17. Qd1 Qf6 18. f4 Rad8 19. O-O Ne6 20. Qg4 h5 21.
Qg3 Nd4 22. Bxd4 Qxd4 23. Bxb7 Bh6 24. Rb1 Qd2 25. f5 Rd3 26. Qg2 Kh7 27. fxg6+
fxg6 28. Bd5 Rf4 29. Rb7+ Bg7 30. f3 Kh6 31. Bg8 Bd4+ 32. Kh1 Qxg2+ 33. Kxg2
Rd2+ 34. Kg3 Be5 35. Rh7+ Kg5 36. h4+ Rxh4+ 0-1

[Event "SK Königsspringer Iserlohn 1 - SG Niede"]
[Site "NRW-Klasse. Gruppe 1 2017/201"]
[Date "2018.03.11"]
[Round "7.4"]
[White "Kramps, Rene"]
[Black "Stanetzek, Carsten"]
[Result "1/2-1/2"]
[WhiteElo "2036"]
[BlackElo "2116"]
[PlyCount "21"]
[EventDate "2018.??.??"]
[WhiteTeam "SK Königsspringer Iserlohn 1"]
[BlackTeam "SG Niederkassel 1"]

1. e4 e5 2. Nf3 Nc6 3. Bc4 Bc5 4. Nc3 Nf6 5. Nd5 d6 6. d3 Nxd5 7. Bxd5 O-O 8.
Be3 Bxe3 9. fxe3 Ne7 10. Bb3 c6 11. O-O 1/2-1/2

[Event "SK Königsspringer Iserlohn 1 - SG Niede"]
[Site "NRW-Klasse. Gruppe 1 2017/201"]
[Date "2018.03.11"]
[Round "7.5"]
[White "Rybarczyk, Klaus"]
[Black "Messarius, Juergen"]
[Result "1-0"]
[WhiteElo "2154"]
[BlackElo "2146"]
[PlyCount "81"]
[EventDate "2018.??.??"]
[WhiteTeam "SG Niederkassel 1"]
[BlackTeam "SK Königsspringer Iserlohn 1"]

1. c4 f5 2. g3 g6 3. Bg2 Bg7 4. Nc3 d6 5. d3 c6 6. e4 Na6 7. Nge2 Nf6 8. O-O
O-O 9. Rb1 fxe4 10. dxe4 Be6 11. b3 Rb8 12. Be3 Ra8 13. h3 Qa5 14. Qd2 Rfd8 15.
f4 Nd7 16. Bd4 Bxd4+ 17. Nxd4 Bf7 18. Kh2 Nc7 19. Nf3 Qc5 20. Ng5 Rf8 21. e5
Rad8 22. Nce4 Qa3 23. exd6 Nc5 24. Qe3 Rxd6 25. Qxc5 Qxc5 26. Nxc5 Rd2 27. a4
b5 28. Nce4 Ra2 29. Nxf7 Rxf7 30. Ra1 Rb2 31. Rfb1 Re2 32. axb5 cxb5 33. Ng5
Rf6 34. Rxa7 Rc6 35. Kg1 Rc5 36. Ne4 Rc6 37. Nc3 Rxg2+ 38. Kxg2 bxc4 39. b4 Ne8
40. b5 Re6 41. b6 1-0

[Event "SK Königsspringer Iserlohn 1 - SG Niede"]
[Site "NRW-Klasse. Gruppe 1 2017/201"]
[Date "2018.03.11"]
[Round "7.6"]
[White "Klauke, Stefan"]
[Black "Broehl, Stephan"]
[Result "1-0"]
[WhiteElo "2091"]
[BlackElo "2101"]
[PlyCount "47"]
[EventDate "2018.??.??"]
[WhiteTeam "SK Königsspringer Iserlohn 1"]
[BlackTeam "SG Niederkassel 1"]

1. e4 c6 2. Nc3 d5 3. Nf3 dxe4 4. Nxe4 Nf6 5. Nxf6+ exf6 6. d4 Bd6 7. Be2 O-O
8. O-O Re8 9. Be3 Nd7 10. c4 Nf8 11. Qc2 Ng6 12. Rfe1 Nf4 13. Bf1 Bg4 14. Bxf4
Bxf4 15. Rxe8+ Qxe8 16. Re1 Qb8 17. h3 Bxf3 18. gxf3 g6 19. c5 f5 20. Qb3 Qc7
21. Bc4 b5 22. cxb6 axb6 23. d5 cxd5 24. Bxd5 1-0

[Event "SK Königsspringer Iserlohn 1 - SG Niede"]
[Site "NRW-Klasse. Gruppe 1 2017/201"]
[Date "2018.03.11"]
[Round "7.7"]
[White "Dierkes, Tobias"]
[Black "Schwanbeck, Christoph"]
[Result "1-0"]
[WhiteElo "2108"]
[BlackElo "2060"]
[Annotator "Daniel"]
[PlyCount "75"]
[EventDate "2018.??.??"]
[WhiteTeam "SG Niederkassel 1"]
[BlackTeam "SK Königsspringer Iserlohn 1"]

1. d4 Nf6 2. c4 d6 3. Nc3 Nbd7 4. g3 e5 5. Nf3 c6 6. e4 Be7 7. Bg2 O-O 8. O-O
Re8 9. h3 Bf8 10. Qc2 Qc7 11. Be3 d5 12. exd5 cxd5 13. Nxe5 dxc4 14. Nb5 Qa5
15. Qxc4 Nxe5 16. dxe5 Rxe5 17. Nc7 Rb8 18. Rac1 Bf5 19. Rfd1 Be4 20. Bd4 Bxg2
21. Bxe5 Qxe5 22. Kxg2 Qxb2 $11 23. Rb1 Qe5 24. Rb5 Qe7 25. Nd5 Nxd5 26. Rbxd5
Qe6 27. Qc7 Rc8 28. Qxb7 Qe4+ 29. Kg1 Rc2 30. Qxa7 Qe2 31. Rd8 g6 32. a4 h5 33.
Rxf8+ Kxf8 34. Rd8+ Kg7 35. Qd4+ f6 36. Qd7+ Kh6 37. Rh8+ Kg5 38. h4# 1-0

[Event "SK Königsspringer Iserlohn 1 - SG Niede"]
[Site "NRW-Klasse. Gruppe 1 2017/201"]
[Date "2018.03.11"]
[Round "7.8"]
[White "Franke, Thomas"]
[Black "Wilke, Christopher"]
[Result "1/2-1/2"]
[WhiteElo "2070"]
[BlackElo "1947"]
[Annotator "Daniel"]
[PlyCount "35"]
[EventDate "2018.??.??"]
[WhiteTeam "SK Königsspringer Iserlohn 1"]
[BlackTeam "SG Niederkassel 1"]

1. c4 c6 2. g3 d5 3. Bg2 Nf6 4. Nf3 g6 5. b3 Bg7 6. Bb2 O-O 7. O-O Re8 8. Qc2
Bf5 9. d3 Qc8 10. Re1 Bh3 11. Nbd2 Bxg2 $11 12. Kxg2 Nbd7 13. Rac1 e5 14. cxd5
cxd5 15. e4 b6 16. exd5 Qxc2 17. Rxc2 Nxd5 18. d4 1/2-1/2

[Event "SC Rochade Emsdetten 1 - SK Königssprin"]
[Site "NRW-Klasse. Gruppe 1 2017/201"]
[Date "2018.04.08"]
[Round "8.1"]
[White "Scheider, Julian"]
[Black "Kabatianski, Alexander"]
[Result "1/2-1/2"]
[WhiteElo "2306"]
[BlackElo "2307"]
[PlyCount "69"]
[EventDate "2018.??.??"]
[WhiteTeam "SK Königsspringer Iserlohn 1"]
[BlackTeam "SC Rochade Emsdetten 1"]

1. e4 e6 2. d4 d5 3. Nc3 Bb4 4. Nge2 Nc6 5. a3 Ba5 6. Be3 Nge7 7. e5 O-O 8. Qd2
Nf5 9. f4 f6 10. g3 fxe5 11. fxe5 Bd7 12. Bg2 Nxe3 13. Qxe3 Ne7 14. O-O-O Nf5
15. Qd2 Rc8 16. b4 Bb6 17. Kb2 a5 18. Na2 axb4 19. axb4 Bb5 20. Nac1 Qd7 21.
Nb3 Bc4 22. Bh3 Ra8 23. Ra1 Rxa1 24. Rxa1 Bxe2 25. Bxf5 Bc4 26. Bg4 Qf7 27. Qe3
c6 28. Kc3 h6 29. Be2 Bxe2 30. Qxe2 Bd8 31. Ra7 Bb6 32. Ra1 Bd8 33. Ra7 Bb6 34.
Ra1 Bd8 35. Ra7 1/2-1/2

[Event "SC Rochade Emsdetten 1 - SK Königssprin"]
[Site "NRW-Klasse. Gruppe 1 2017/201"]
[Date "2018.04.08"]
[Round "8.2"]
[White "Hiller, Simon"]
[Black "Eckardt, Joshua"]
[Result "1/2-1/2"]
[WhiteElo "2113"]
[BlackElo "2225"]
[Annotator "Daniel"]
[PlyCount "90"]
[EventDate "2018.??.??"]
[WhiteTeam "SC Rochade Emsdetten 1"]
[BlackTeam "SK Königsspringer Iserlohn 1"]

1. Nf3 Nf6 2. c4 c5 3. g3 d5 4. cxd5 Nxd5 5. Bg2 Nc6 6. Nc3 g6 7. Nxd5 Qxd5 8.
O-O Bg7 9. d3 O-O 10. Be3 Bd7 11. Nd4 Qd6 12. Nxc6 Bxc6 13. Bxc6 Qxc6 14. Rc1
Qe6 15. b3 b6 16. Rc4 Rfd8 17. Qc2 Rd5 18. Rc1 Bf6 19. Qd1 Rad8 20. Qf1 Kg7 21.
Qg2 $11 Bd4 22. Bxd4+ Rxd4 23. Qf3 Qd6 24. Rxd4 Qxd4 25. Kg2 Qb2 26. Qe3 Rd5
27. Rc4 e6 28. Ra4 a5 29. f4 h5 30. Kf3 Qb1 31. Kg2 Kh7 32. Qd2 h4 33. gxh4 Rh5
34. Rc4 Qa1 35. d4 Rxh4 36. Rc1 Qxd4 37. Qxd4 cxd4 38. Kg3 Rh5 39. Rd1 Rd5 40.
Kf3 Kg7 41. Ke4 f5+ 42. Kd3 e5 43. fxe5 Rxe5 44. Rc1 Rc5 45. Rc4 Re5 1/2-1/2

[Event "SC Rochade Emsdetten 1 - SK Königssprin"]
[Site "NRW-Klasse. Gruppe 1 2017/201"]
[Date "2018.04.08"]
[Round "8.3"]
[White "Schmitz, Philipp"]
[Black "Lehmann, Holger"]
[Result "1/2-1/2"]
[WhiteElo "2160"]
[BlackElo "2168"]
[Annotator "Daniel"]
[PlyCount "56"]
[EventDate "2018.??.??"]
[WhiteTeam "SK Königsspringer Iserlohn 1"]
[BlackTeam "SC Rochade Emsdetten 1"]

1. e4 c5 2. Nc3 Nc6 3. Bb5 Na5 4. Be2 a6 5. Nf3 b5 6. d4 cxd4 7. Nxd4 Bb7 8.
O-O b4 9. Nd5 e6 10. Re1 exd5 11. exd5 Bc5 12. Bxa6+ Kf8 13. Bxb7 Nxb7 14. Nb3
Bd6 15. Qd4 Rb8 16. Bd2 Na5 17. Nxa5 Qxa5 18. a3 $11 Nf6 19. Red1 Qxd5 20. Qxd5
Nxd5 21. Be1 bxa3 22. Rxd5 axb2 23. Rb1 Ke7 24. Bc3 Rhc8 25. Bxb2 Rxc2 26. Re1+
Kd8 27. Bxg7 Bc5 28. Bd4 Bxd4 1/2-1/2

[Event "SC Rochade Emsdetten 1 - SK Königssprin"]
[Site "NRW-Klasse. Gruppe 1 2017/201"]
[Date "2018.04.08"]
[Round "8.4"]
[White "Mueller, Achim"]
[Black "Kramps, Rene"]
[Result "1-0"]
[WhiteElo "2002"]
[BlackElo "2036"]
[Annotator "Daniel"]
[PlyCount "109"]
[EventDate "2018.??.??"]
[WhiteTeam "SC Rochade Emsdetten 1"]
[BlackTeam "SK Königsspringer Iserlohn 1"]

1. e4 g6 2. d4 Bg7 3. Nc3 c6 4. Bc4 d5 5. exd5 cxd5 6. Bxd5 e6 7. Bf3 Bxd4 8.
Nge2 Bxc3+ 9. Nxc3 Qxd1+ 10. Kxd1 Nf6 11. Nb5 Na6 12. Nd6+ Ke7 13. Nxb7 Rb8 14.
Na5 Bd7 15. b3 Rhd8 16. Ke2 e5 17. Ba3+ Ke6 18. Bb7 Nc7 19. c4 Re8 20. Rhd1 Kf5
21. Bd6 Rxb7 22. Nxb7 Ne6 23. Nc5 Nd4+ 24. Kf1 Bc6 25. f3 Nc2 26. Rac1 Ne3+ 27.
Kf2 Nxd1+ 28. Rxd1 h5 29. g3 g5 30. Re1 g4 $11 31. f4 e4 32. Be5 Nh7 33. Ke3
Nf8 34. Rd1 f6 35. Bxf6 Ne6 36. Nxe6 Rxe6 37. Be5 Rh6 38. Rd8 h4 39. Rf8+ Ke6
40. Rg8 hxg3 41. hxg3 Kf7 42. Rg7+ Kf8 43. Rxg4 Rh1 44. Rh4 Re1+ 45. Kf2 Rd1
46. Rh8+ Kf7 47. Rh7+ Ke6 48. Rxa7 Rd2+ 49. Ke3 Rd3+ 50. Ke2 Kf5 51. Rg7 Rf3
52. g4+ Ke6 53. Rg6+ Kd7 54. Rd6+ Kc7 55. Rd3+ 1-0

[Event "SC Rochade Emsdetten 1 - SK Königssprin"]
[Site "NRW-Klasse. Gruppe 1 2017/201"]
[Date "2018.04.08"]
[Round "8.5"]
[White "Messarius, Juergen"]
[Black "Lemli, Thomas"]
[Result "1/2-1/2"]
[WhiteElo "2146"]
[BlackElo "1976"]
[PlyCount "109"]
[EventDate "2018.??.??"]
[WhiteTeam "SK Königsspringer Iserlohn 1"]
[BlackTeam "SC Rochade Emsdetten 1"]

1. e4 c6 2. d4 d5 3. e5 Bf5 4. Nc3 e6 5. g4 Bg6 6. Nge2 f6 7. Nf4 fxe5 8. dxe5
Bf7 9. Bd2 Nd7 10. Qe2 Qc7 11. Nd3 h5 12. g5 Bg6 13. Bh3 Bxd3 14. cxd3 Qxe5 15.
Bxe6 Bd6 16. d4 Qxe2+ 17. Nxe2 O-O-O 18. Bh3 Re8 19. Be3 Ne7 20. Kd2 Rhf8 21.
Kd3 Ng6 22. Rae1 Kd8 23. Ng3 Nf4+ 24. Bxf4 Rxf4 25. Rxe8+ Kxe8 26. Re1+ Kd8 27.
Re6 Bf8 28. Ke3 Rh4 29. Bg2 Rxh2 30. Bf3 h4 31. Nf1 Rh3 32. Kf4 Be7 33. Re3 Nf8
34. Kg4 Rxf3 35. Rxf3 Ne6 36. Rb3 b6 37. f4 g6 38. Rd3 Kd7 39. Nd2 Bd6 40. f5
gxf5+ 41. Kxf5 Bf8 42. Nf3 Bg7 43. Ne5+ Bxe5 44. dxe5 Ke7 45. Rh3 Nd4+ 46. Kg6
Ke6 47. Rxh4 Nf3 48. Rh1 Nxe5+ 49. Kh5 d4 50. g6 Nxg6 51. Kxg6 Ke5 52. Kg5 Ke4
53. Kg4 d3 54. Kg3 Ke3 55. Rh7 1/2-1/2

[Event "SC Rochade Emsdetten 1 - SK Königssprin"]
[Site "NRW-Klasse. Gruppe 1 2017/201"]
[Date "2018.04.08"]
[Round "8.6"]
[White "Sommer, Uwe"]
[Black "Kind, Bertram"]
[Result "0-1"]
[WhiteElo "2056"]
[BlackElo "2131"]
[PlyCount "70"]
[EventDate "2018.??.??"]
[WhiteTeam "SC Rochade Emsdetten 1"]
[BlackTeam "SK Königsspringer Iserlohn 1"]

1. e4 c5 2. Nf3 Nc6 3. g3 e6 4. Bg2 Nf6 5. d3 d5 6. exd5 Nxd5 7. O-O Be7 8. Re1
O-O 9. Nbd2 b6 10. Nc4 Bb7 11. h4 Qc7 12. Bd2 Bf6 13. Qc1 b5 14. Ne3 Nxe3 15.
Bxe3 Nd4 16. Bxd4 cxd4 17. Qd2 Rac8 18. Re2 Rfd8 19. Ne1 Bxg2 20. Nxg2 Rd5 21.
Rae1 Rc5 22. Rc1 a5 23. a3 g6 24. Ne1 Bg7 25. Re4 h5 26. Rb1 Rf5 27. Kg2 Kh7
28. Qe2 Qc6 29. Kg1 Qd5 30. Qd2 a4 31. Ra1 Bh6 32. Qe2 Qd6 33. Kg2 Rfc5 34. Kg1
R8c6 35. Rd1 f5 0-1

[Event "SC Rochade Emsdetten 1 - SK Königssprin"]
[Site "NRW-Klasse. Gruppe 1 2017/201"]
[Date "2018.04.08"]
[Round "8.7"]
[White "Klauke, Stefan"]
[Black "Hemmers, Dieter"]
[Result "1-0"]
[WhiteElo "2091"]
[BlackElo "1816"]
[PlyCount "75"]
[EventDate "2018.??.??"]
[WhiteTeam "SK Königsspringer Iserlohn 1"]
[BlackTeam "SC Rochade Emsdetten 1"]

1. e4 c5 2. d4 cxd4 3. c3 Nf6 4. e5 Nd5 5. Nf3 e6 6. Nxd4 d6 7. exd6 Bxd6 8. g3
O-O 9. Bg2 Na6 10. O-O Nac7 11. Nd2 e5 12. N4b3 Be7 13. Qe2 f6 14. Rd1 Qe8 15.
Ne4 Qf7 16. Nec5 Rb8 17. c4 Nb6 18. Bf1 Ne6 19. Be3 Nxc5 20. Nxc5 Bf5 21. Rac1
Rfc8 22. b4 Bf8 23. a3 Rd8 24. Bg2 Rxd1+ 25. Qxd1 Qc7 26. Qf3 Bc8 27. Ne4 Be6
28. Bxb6 Qxb6 29. c5 Qc7 30. Nc3 b6 31. Nd5 Qc8 32. c6 Bg4 33. Qb3 Be6 34. c7
Rb7 35. Bh3 f5 36. Bxf5 Rxc7 37. Bxe6+ Qxe6 38. Rxc7 1-0

[Event "SC Rochade Emsdetten 1 - SK Königssprin"]
[Site "NRW-Klasse. Gruppe 1 2017/201"]
[Date "2018.04.08"]
[Round "8.8"]
[White "Emiroglu, Murat"]
[Black "Schwanbeck, Christoph"]
[Result "1-0"]
[WhiteElo "2141"]
[BlackElo "2060"]
[PlyCount "89"]
[EventDate "2018.??.??"]
[WhiteTeam "SC Rochade Emsdetten 1"]
[BlackTeam "SK Königsspringer Iserlohn 1"]

1. e4 d6 2. d4 Nf6 3. Bd3 e5 4. c3 Be7 5. Nf3 Nbd7 6. O-O c6 7. Nbd2 Qc7 8. Re1
Nf8 9. a4 Ng6 10. Nc4 O-O 11. a5 Re8 12. Bd2 h6 13. b4 Be6 14. Qc2 Rad8 15.
dxe5 dxe5 16. Be3 c5 17. b5 Ng4 18. Bc1 Qd7 19. Bf1 Bd6 20. Rd1 Qe7 21. h3 Nf6
22. Be3 Bb8 23. g3 Nh7 24. Rxd8 Rxd8 25. Rd1 Rc8 26. Kh2 Ng5 27. Nxg5 hxg5 28.
Be2 f6 29. Qd3 Nf8 30. Bg4 g6 31. Bxe6+ Nxe6 32. Qd7 Re8 33. Rd5 Qf8 34. Qxb7
Re7 35. Rd7 Nd8 36. Qd5+ Ne6 37. Rxe7 Qxe7 38. Bxc5 Qxc5 39. Qxe6+ Kg7 40. Qd7+
Kh8 41. Ne3 Bc7 42. Qc8+ Kg7 43. Qb7 Kh6 44. b6 axb6 45. a6 1-0

[Event "Brühler SK 1 - SF Lieme 1"]
[Site "NRW-Klasse. Gruppe 1 2017/201"]
[Date "2018.04.08"]
[Round "8.1"]
[White "Niermann, Tristan"]
[Black "Loifenfeld, Jakov"]
[Result "0-1"]
[WhiteElo "2178"]
[BlackElo "2413"]
[PlyCount "68"]
[EventDate "2018.??.??"]
[WhiteTeam "SF Lieme 1"]
[BlackTeam "Brühler SK 1"]

1. d4 d6 2. g3 e5 3. dxe5 dxe5 4. Qxd8+ Kxd8 5. Bg2 c6 6. Nf3 f6 7. O-O Bf5 8.
c3 Nd7 9. Rd1 Kc7 10. Be3 Ne7 11. c4 Be6 12. b3 Nf5 13. Bc1 a5 14. Nc3 Nc5 15.
Bd2 Be7 16. Be1 Rhd8 17. Rac1 Rxd1 18. Nxd1 a4 19. b4 Nd7 20. a3 Nb6 21. Nb2 e4
22. Nd2 Nd4 23. Bf1 f5 24. c5 Nd5 25. Nbc4 Bf6 26. Na5 Nb3 27. Ndxb3 axb3 28.
Nxb3 Rxa3 29. Na5 Ra4 30. e3 Nxb4 31. Nxb7 Kxb7 32. Rb1 Kc7 33. Rxb4 Ra1 34.
Bd2 Rd1 0-1

[Event "Brühler SK 1 - SF Lieme 1"]
[Site "NRW-Klasse. Gruppe 1 2017/201"]
[Date "2018.04.08"]
[Round "8.2"]
[White "Schiffer, Stefan"]
[Black "Wittke, Rene"]
[Result "1/2-1/2"]
[WhiteElo "2204"]
[BlackElo "2215"]
[Annotator "Daniel"]
[PlyCount "41"]
[EventDate "2018.??.??"]
[WhiteTeam "Brühler SK 1"]
[BlackTeam "SF Lieme 1"]

1. Nf3 Nf6 2. d4 e6 3. Bg5 c5 4. c3 Nc6 5. e3 Qb6 6. Qb3 Be7 7. Nbd2 d5 8. dxc5
Qxc5 9. Bd3 Nd7 10. Bxe7 Qxe7 11. e4 Nc5 12. Qc2 Nxd3+ 13. Qxd3 O-O 14. O-O
dxe4 $11 15. Qxe4 e5 16. Rfe1 f6 17. Rad1 Rd8 18. Nf1 Be6 19. Qc2 Rxd1 20. Rxd1
Rd8 21. Rxd8+ 1/2-1/2